| 000 | 00415nam a22001457a 4500 | ||
|---|---|---|---|
| 003 | SGT | ||
| 082 |
_a617.84 _bC24M |
||
| 100 | _aGAUTAM, NIKITA | ||
| 245 | _aEFFECTIVESNESS OF FARTLEX TRAINING AND HIGH INSTENSITY INTERVAL TRAINING AMONG STATE-LEVEL VOLLEYBALL PLAYERS: A COMPARATIVE STUDY | ||
| 260 |
_aGURUGRAM _bSGT UNIVERSITY _c2024 |
||
| 300 | _a126 | ||
| 650 | _aSPORTS | ||
| 653 | _aMPT | ||
| 942 |
_2ddc _cTH |
||
| 999 |
_c32196 _d32196 |
||